| 000 | 00901cam a2200157K 4500 | ||
|---|---|---|---|
| 082 |
_a954.0317 _bMAL |
||
| 100 | 1 | _aMalleson, G. B. | |
| 245 | 1 | 0 |
_aHistory of the Indian mutiny, 1857-1858 _bCommencing from the close of the second volume of Sir John Kaye's History of the Sepoy war, _cby Colonel G.B. Malleson. |
| 260 |
_aLondon, _aNew York [etc.] _bLongmans, Green, and Co., _c1880. |
||
| 300 |
_a1 online resource (3 v.) _bfold. maps, fold. plans. |
||
| 500 | _aAfterward issued, together with v. 1-2 of Kaye's History, under title: Kaye's and Malleson's history of the Indian mutiny of 1857-8 ... in six volumes. | ||
| 500 | _aOn t.p., v. 1 : Contemporaneous with Sir John Kaye's third volume, second edition (1878): v. 2: Third edition (1893) ; v. 3: 1888. | ||
| 526 |
_a0 _b0 _c0 _d954_031700000000000_MAL |
||
| 856 | 4 | 0 | _uhttp://catalog.hathitrust.org/api/volumes/oclc/5907501.html |
| 942 |
_2ddc _cBK |
||
| 999 |
_c552991 _d552991 |
||